000 00343nam a2200109Ia 4500
008 171204s9999 xx 000 0 und d
245 _aFood Photography: A Beginner's Guide to Creating Appetizing Images:
245 _cCorinna Gissemann
260 _c2016
650 _xBasic Photography
856 _uhttp://down.ebook777.com/037/1681981017.pdf
999 _c346263
_d346263